La trata de mujeres con fines de explotación sexual: una aproximación político-criminal y de género (Registro nro. 7492)

Detalles MARC
000 -Cabecera
Campo de control de longitud fija 00836nam a22003017a 4500
005 - Fecha y hora de la última transacción
Campo de control 20260313161944.0
008 - Elementos de longitud fija--Información general
Campo de control de longitud fija 160125b2014 xxu||||| |||| 00| | spa d
020 ## - International Standard Book Number
Número Internacional Estándar del Libro (ISBN) 9789872837945
041 ## - Idioma
Código de idioma Español
082 ## - Clasificación Decimal Dewey
Número de clasificación 364.153 IG24t
100 ## - Entrada principal--Autor personal
Nombre personal Iglesias Skulj, Agustina
9 (RLIN) 2165
245 ## - Título propiamente dicho
Título La trata de mujeres con fines de explotación sexual: una aproximación político-criminal y de género
260 ## - Pie de imprenta
Lugar de publicación, distribución, etc. Argentina
260 ## - Pie de imprenta
Nombre del editor, distribuidor, etc. Didot
260 ## - Pie de imprenta
Fecha de publicación, distribución, etc. 2014
300 ## - Descripción física
Extensión 361 páginas
490 ## - Serie
Título de la Serie Investigación Criminal
650 ## - Materia general
Temática (materia general) DELITOS SEXUALES
650 ## - Materia general
Temática (materia general) TRATA DE MUJERES
650 ## - Materia general
Temática (materia general) PROSTITUCIÓN
650 ## - Materia general
Temática (materia general) TRATA DE BLANCAS
650 ## - Materia general
Temática (materia general) GÉNERO
650 ## - Materia general
Temática (materia general) SOCIOLOGÍA
650 ## - Materia general
Temática (materia general) TRÁFICO DE PERSONAS
650 ## - Materia general
Temática (materia general) PERFIL CRIMINOLÓGICO
650 ## - Materia general
Temática (materia general) EXPLOTACIÓN SEXUAL
942 ## - Punto de acceso adicional KOHA
Tipo de ítem KOHA Libro
Fuente del sistema de clasificación o colocación Dewey Decimal Classification
Existencias
Signatura completa Código de barras Programa Académico Tipo de ítem
364.153 IG24t 19803 Investigación Criminal Libro
364.153 IG24t 21640 Investigación Criminal Libro
364.153 IG24t 22837 Investigación Criminal Libro